000 00659nam a2200229 a 4500
001 13774
003 BD-JhCC
005 20240321140138.0
008 240321b 2018b |||| ||a| 000 0 b d
020 _a9847012007655
035 _a(BD-JhCC)13774
040 _aBD-JhCC
_dBD-JhCC
041 _aben
082 _a891.443
_bRAH 2018
100 _a রহমান, রেজানুর
245 _aমায়া /
_b রেজানুর রহমান
260 _aঢাকা:
_bকথাপ্রকাশ;
_c2018.
300 _a127 p. :
_c22 cm.
650 _aসমকালীন উপন্যাস
942 _2ddc
_cBK
999 _c13774
_d13774